Vista normal
Vista MARC
Entrada Personal Name
Número de registros utilizados en: 1
001 - CONTROL NUMBER
- control field: 6406
003 - CONTROL NUMBER IDENTIFIER
- control field: DLC
005 - DATE AND TIME OF LATEST TRANSACTION
- control field: 20221121095932.0
008 - FIXED-LENGTH DATA ELEMENTS
- fixed length control field: 140116n| azannaabn |n aaa c
010 ## - LIBRARY OF CONGRESS CONTROL NUMBER
- LC control number: 2014006146
040 ## - CATALOGING SOURCE
- Original cataloging agency: ICrlF
- Language of cataloging: spa
- Description conventions: rda
- Transcribing agency: Mx-PuUPA
- Modifying agency: Mx-PuUPA
046 ## - SPECIAL CODED DATES
- Birth date: 19781231
100 1# - HEADING--PERSONAL NAME
- Personal name: Mardel, Javier,
- Dates associated with a name: 1978-
370 ## - ASSOCIATED PLACE
- Place of birth: México
- Place of residence/headquarters: Ciudad de México (México)
- Place of residence/headquarters: Campaña (Argentina)
372 ## - FIELD OF ACTIVITY
- Field of activity: Poesía
- Field of activity: Escritura
- Field of activity: Educación
374 ## - OCCUPATION
- Occupation: Poeta
- Occupation: Autor
- Occupation: Ensayista
- Occupation: Profesor de taller de escritura
375 ## - GENDER
- Gender: Hombre
377 ## - ASSOCIATED LANGUAGE
- Language code: spa
670 ## - SOURCE DATA FOUND
- Source citation: Lo que no sabe pupeta, 2012:
- Information found: t.p. (Javier Mardel)
670 ## - SOURCE DATA FOUND
- Source citation: Blog, Jan. 15, 2014 :
- Information found: (Javier Mardel ; México, 1978 ; Poeta y ensayista mexicano; dirige talleres y enseña cursos especializados de escritura para niños y jóvenes)
670 ## - SOURCE DATA FOUND
- Source citation: Facebook, Jan. 15, 2014
- Information found: (Javier Mardel ; autor ; b. Dec. 31, 1978 ; Ciudad Natal: Ciudad de México, México ; Ciuadad Actual: Campana, Buenos Aires)
670 ## - SOURCE DATA FOUND
- Source citation: Biblioteca Nacional (Estados Unidos), 18 enero 2017 :
- Information found: catálogo electrónico :
- Uniform Resource Identifier: https://goo.gl/z4gWkd